000
00316nam a2200133Ia 4500
008
231129s1969||||xx |||||||||||||| ||spa||
040
_b
spa
082
_a
891.744 E92e
100
_a
Evtuchenko Eugueni
245
0
_a
Entre la ciudad sí y la ciudad no
260
_c
1969
264
_a
Alianza
942
_2
ddc
_c
BKS
999
_c
13191
_d
13191